000
00317nam a2200133Ia 4500
008
190216s9999||||xx |||||||||||||| ||und||
100
_a
Antropov. L.I
245
0
_a
Theoretical Electrochemistry
250
_a
1st Ed.
260
_b
Mir Publishers
_c
1972
300
_a
567
650
_a
Chemistry-Chemistry
942
_c
BK
999
_c
2115
_d
2115